ბათუმის შოთა რუსთაველის სახელმწიფო უნივერსიტეტის ბიბლიოთეკა

აგროლანშაფტების მელიორაციული ტექნოლოგიები (ბიბ.ჩანაწერი № 50784)

000 -LEADER
fixed length control field 01340nam a2200265Ia 4500
001 - CONTROL NUMBER
control field 17736
003 - CONTROL NUMBER IDENTIFIER
control field GE_BSU
008 - FIXED-LENGTH DATA ELEMENTS--GENERAL INFORMATION
fixed length control field 181216s||||||||xx |||||||||||||| ||und||
020 ## - INTERNATIONAL STANDARD BOOK NUMBER
International Standard Book Number 9789941453717
040 ## - CATALOGING SOURCE
Transcribing agency GE_BSU
080 ## - UNIVERSAL DECIMAL CLASSIFICATION NUMBER
Universal Decimal Classification number 631.6(075.8)
100 ## - MAIN ENTRY--PERSONAL NAME
Personal name ლორთქიფანიძე, როზა., კელენჯერიძე, ნინო
245 ## - TITLE STATEMENT
Title აგროლანშაფტების მელიორაციული ტექნოლოგიები
245 ## - TITLE STATEMENT
Statement of responsibility, etc. რედ.: ჩაჩხიანი-ანასაშვილი ნუნუ
260 ## - PUBLICATION, DISTRIBUTION, ETC.
Place of publication, distribution, etc. ქუთაისი
260 ## - PUBLICATION, DISTRIBUTION, ETC.
Name of publisher, distributor, etc. აკაკი წერეთლის სახ. უნ-ტი
260 ## - PUBLICATION, DISTRIBUTION, ETC.
Date of publication, distribution, etc. 2015
300 ## - PHYSICAL DESCRIPTION
Extent 236გვ.ილ.21სმ.
300 ## - PHYSICAL DESCRIPTION
Accompanying material ბიბლ.გვ.231
653 ## - INDEX TERM--UNCONTROLLED
Uncontrolled term აგროლანშაფტების მელიორაციული ტექნოლოგიები
653 ## - INDEX TERM--UNCONTROLLED
Uncontrolled term ნიადაგის ფიზიკური და მექანიკური თვისებები
653 ## - INDEX TERM--UNCONTROLLED
Uncontrolled term სასოფლო-სამეურნეო კულტურების მოვლა მოყვანა
653 ## - INDEX TERM--UNCONTROLLED
Uncontrolled term წყალის მიმოქცევა და ფორმები ნიადაგში
942 ## - ADDED ENTRY ELEMENTS (KOHA)
Koha item type წიგნი
ეგზემპლარები
Withdrawn status Lost status Damaged status Not for loan Date acquired Barcode Date last seen Price effective from Koha item type
        2018-12-17 41592 2018-12-17 2018-12-17 წიგნი